Teams that played the most finals in UEL - Statistics

General Stats
  • This quiz has been taken 43 times
  • The average score is 5 of 9
Answer Stats
Number Teams % Correct
7 Sevilla
92%
3 Atletico madrid
69%
4 Liverpool
62%
5 İnter
54%
3 Tottenham
54%
3 Benfica
50%
4 Juventus
50%
3 Marseille
19%
4 Mönchengladbach
8%
No matching quizzes found
Score Distribution
Percent of People with Each Score
Percentile by Number Answered
Your Score History
You have not taken this quiz